000 00344nam a2200133Ia 4500
008 191201s2009 xx 000 0 und d
100 _aNEGUS, Christopher
245 0 _aFedora 10 and hat enterprise linux bible
250 _aRep
260 _aN. delhi
_bWiley Dreautech India
_c2009
300 _a1072
650 _aB.Tech(IT)
942 _2ddc
_cBK
999 _c4831
_d4831